Top 15 ewige Bundesligatabelle - Sudden Death - Statistiken

Allgemein
  • Dieses Quiz wurde 3.278 mal gespielt
  • Das Durchschnittsergebnis liegt bei 10 aus 15
Answers on the Grid
Answers color-coded by a green-red scale on the quiz's grid according to % correct below.
Bayern München
Borussia Dortmund
VFB Stuttgart
Werder Bremen
Borussia Mönchengladbach
Hamburger SV
FC Schalke 04
1.FC Köln
Eintracht Frankfurt
Bayer Leverkusen
1.FC Kaiserslautern
VFL Bochum
1.FC Nürnberg
Hertha BSC
VFL Wolfsburg
Hannover 96
MSV Duisburg
Fortuna Düsseldorf
SC Freiburg
Karlsruher SC
1860 München
Eintracht Braunschweig
FSV Mainz 05
TSG Hoffenheim
Arminia Bielefeld
RB Leipzig
FC Augsburg
Hansa Rostock
Alemannia Aachen
Rot-Weiß Essen
 
Antwortstatistiken
Antwort % Korrekt
Bayern München
89%
Borussia Dortmund
87%
FC Schalke 04
80%
Borussia Mönchengladbach
78%
Hamburger SV
78%
VFB Stuttgart
78%
Werder Bremen
78%
Eintracht Frankfurt
77%
Bayer Leverkusen
74%
1.FC Köln
72%
1.FC Kaiserslautern
47%
1.FC Nürnberg
45%
Hertha BSC
41%
VFL Wolfsburg
28%
VFL Bochum
14%
Keine übereinstimmenden Quizze gefunden
Verteilung der Resultate
Anzahl Personen mit jedem Resultat
Perzentil nach korrekt beantworteten Fragen
Ihre Resultats-Entwicklung
Sie haben dieses Quiz noch nicht gespielt